000
00224nam a2200097Ia 4500
008
170619s9999 xx 000 0 und d
100
_a
Holloway- James Paul
245
0
_a
Graphic under C
260
_b
New Delhi; BPB
260
_c
2002
546
_a
ENGLISH
999
_c
18005
_d
18005